Datum a čas kvízu
30.5
Celkem bodů
Celkový počet nahraných bodů na tomto kvízu bez doplňovacích otázek.
4.
Pořadí na kvízu
Konečné umístění týmu na tomto kvízu.
Zaznamenané odpovědi
| # | Otázka | Odpověď | Body | Výsledky |
|---|---|---|---|---|
| 1. | Který známý český youtuber vyb... | Radek Starý (Sterakdary) | 1 | |
| 2. | Slovenský ministr cestovního r... | říhnul si | 1 | |
| 3. | 46letá polsko-italská herečka... | C) je zastánkyní práva na potrat | 1 | |
| 4. | Ke 100. výročí založení Národn... | guvernér ČNB Aleš Michl | 1 | |
| 5. | V sobotu byly vyhlášeny výsled... | Jan Štefela | 0 | |
| 6. | První novodobé hry se konaly v... | C | 1 | |
| 7. | U maratonu ještě zůstaneme. Me... | v Římě, běžel bosky | 0.5 | |
| 8. | V roce 1976 v Montrealu k finá... | 14 let (13 nebo 15 let za půl bodu) | 1 | |
| 9. | Nyní se přeneseme na olympijsk... | Emmons | 1 | |
| 10. | Na závěr postupně uslyšíte tři... | 3, 2, 1 | 1 |